Applied Thermodynamics of Fluids (Record no. 14486)
[ view plain ]
| 000 -LEADER | |
|---|---|
| fixed length control field | 00355nam a22001457a 4500 |
| 020 ## - INTERNATIONAL STANDARD BOOK NUMBER | |
| ISBN | 9781847558060 |
| 082 ## - DEWEY DECIMAL CLASSIFICATION NUMBER | |
| Classification number | 621.4021 |
| Item number | GOO/AP |
| 245 ## - TITLE STATEMENT | |
| Title | Applied Thermodynamics of Fluids |
| 260 ## - PUBLICATION, DISTRIBUTION, ETC. (IMPRINT) | |
| Place of publication | Cambridge |
| Name of publisher | RSC Publishing |
| Year of publication | 2010 |
| 300 ## - PHYSICAL DESCRIPTION | |
| Number of Pages | 509 |
| 700 ## - ADDED ENTRY--PERSONAL NAME | |
| Personal name | Goodwin,A.R.H |
| 700 ## - ADDED ENTRY--PERSONAL NAME | |
| Personal name | Sengers,J.V. |
| 700 ## - ADDED ENTRY--PERSONAL NAME | |
| Personal name | Peters,C.J |
| 942 ## - ADDED ENTRY ELEMENTS (KOHA) | |
| Koha item type | Books |
| Withdrawn status | Lost status | Damaged status | Collection code | Home library | Current library | Shelving location | Date acquired | Source of acquisition | Cost, normal purchase price | Full call number | Accession Number | Koha item type |
|---|---|---|---|---|---|---|---|---|---|---|---|---|
| KAUAET | KAUAET | General Stacks | 08/07/2016 | Arunima Book Distributors,TVPM | 11066.00 | 621.4021 GOO/AP | 24805 | Books |
